| 000 | 01487cam a22003977a 4500 | ||
|---|---|---|---|
| 003 | CHAP | ||
| 005 | 20220329142828.0 | ||
| 008 | 040531s2004 mx bd r 00010 spa d | ||
| 010 | _a88370 | ||
| 011 | _a89342 | ||
| 035 | _a99893 | ||
| 040 | _cCHAP | ||
| 090 | _aTesis | ||
| 100 | 0 | 0 |
_aEspitia Simón, Pilar Acelo. _938106 |
| 245 | 1 | 0 |
_aDiagnostico de minerales en ganado de doble propósito en pastoreo en Tenango, Morelos _c/por Pilar Acelo Espitia Simón |
| 260 |
_aChapingo, Méx. : _bEl autor, _c2004 |
||
| 300 |
_a58 h. : _bmapa ; cuadros |
||
| 502 | _aTesis (Ing. Agr. Esp. en Zootecnia) -- UACH. Departamento de Zootecnia | ||
| 530 | _aTambién disponible en línea | ||
| 590 |
_aALEPH _b10 _c20130110 _lUCH01 _h1458 |
||
| 590 |
_aBATCH-UPD _b10 _c20130110 _lUCH01 _h0659 |
||
| 590 |
_aBATCH-UPD _b10 _c20130410 _lUCH01 _h0344 |
||
| 590 |
_aBATCH-UPD _b10 _c20130914 _lUCH01 _h1322 |
||
| 590 |
_aBATCH-UPD _b10 _c20140324 _lUCH01 _h1444 |
||
| 590 |
_aBATCH-UPD _b10 _c20141002 _lUCH01 _h0822 |
||
| 590 |
_aCONVERSION _b10 _c20130109 _lUCH01 _h1349 |
||
| 650 | 1 | 4 |
_aGanado _xPastoreo. _944941 |
| 650 | 1 | 4 |
_aGanado _zMorelos. _944959 |
| 650 | 1 | 4 |
_aMinerales en nutrición animal. _975937 |
| 856 |
_3Finding aid _uhttp://10.13.5.2/tesis/99893.pdf _zTeclea aqui |
||
| 901 | _aBK | ||
| 905 | _aMarco A. Memdoza T. | ||
| 942 | _cFOLL | ||
| 949 |
_aTesis _bBC _cTES _d33724000910063 _eTS2 _fc.2 _gDonaciØn _h41988 _i99893 _sb |
||
| 949 |
_aTesis _bBC _cTES _d998931 _eTS1 _gDonaciØn _h41987 _i99893 _sb |
||
| 999 |
_c88370 _d88370 |
||